000 01428cam a2200385 a 4500
001 14034999
003 OSt
005 20231205101346.0
008 050713s2004 enkaf b 000 0 eng
010 _a 2005298796
020 _a1843310821 (Hbk)
020 _a184331083X (pbk.)
035 _a(OCoLC)ocm58593340
040 _aDLC
_cDLC
_dDLC
043 _aa-ii---
050 0 0 _aDS481.B6
_bA25 2004
082 _a954.035
_bBOS/A
100 1 _aBose, Subhas Chandra,
_d1897-1945
_93199
240 1 0 _aWorks.
_kSelections.
_f2004
245 1 0 _aAzad Hind :
_bwritings and speeches, 1941-43 /
_cSubhas Chandra Bose ; edited by Sisir K. Bose and Sugata Bose.
260 _aLondon :
_bAnthem Press,
_c2004.
300 _a204 p.,
_bill. ;
_c25 cm.
440 0 _aAnthem South Asian studies
500 _aOriginally published: Delhi : Permanent Black, 2002.
504 _aIncludes bibliographical references.
600 1 0 _aBose, Subhas Chandra,
_d1897-1945
_vCorrespondence.
650 0 _aNationalism
_zIndia.
651 0 _aIndia
_xPolitics and government
_y1919-1947.
651 0 _aIndia
_xHistory
_y20th century.
700 1 _aBose, Sisir Kumar,
_d1920-2000.
700 1 _aBose, Sugata,
_d1956-
906 _a7
_bcbc
_corigres
_d2
_encip
_f20
_gy-gencatlg
942 _2ddc
_cBK
_h954.035
_iBOS/A
_k954.035
_mBOS/A
999 _c43834
_d43834